000 00397 a2200169 4500
001 192122
020 _a85-329-0524-2
040 _cMagnum
100 _aCarmo, Gerson Tavares do
240 1 0 _aA terra gira e eu não fico tonto
_lpor
245 1 0 _aA terra gira e eu não fico tonto
300 _a55
362 0 _a1997
440 1 _a
697 _aLITERATURA INFANTO-JUVENIL
942 _cBK
999 _c192122
_d192122